|
|
|
|
| LEADER |
00000nab a2200000 a 4500 |
| 001 |
vtls000496158 |
| 003 |
SK-MaSNL |
| 005 |
20260303002948.0 |
| 008 |
120927c1993 xo 0 slo |
| 015 |
|
|
|a SNBRB19rr/mm-uuuuu
|
| 035 |
|
|
|a CL0496296
|
| 040 |
|
|
|a SNKBUCL
|b slo
|c SNKBUCL
|e AACR2
|
| 041 |
0 |
|
|a slo
|
| 044 |
|
|
|a xo
|c SK
|
| 080 |
|
|
|a 73/76.071.1
|2 1981
|
| 080 |
|
|
|a 766
|2 1981
|
| 100 |
1 |
|
|a Eidrigevičius, Stasys
|4 aut
|9 980225
|
| 245 |
1 |
0 |
|a Byť si istý vypovedanou pravdou
|b So Stasysom Eidrigevičiusom - víťazom BIB'91
|c Eva Vrbická
|
| 600 |
1 |
7 |
|a Eidrigevičius, Stasys
|x tvorba ilustrátorská
|2 snkbucl
|9 980226
|
| 655 |
|
7 |
|a články z novín a časopisov
|2 snkbucl
|9 267496
|
| 700 |
1 |
|
|a Vrbická, Eva
|4 aut
|9 311417
|
| 773 |
0 |
|
|t Práca
|g Roč. 48, č. 224 (25. 9. 1993), s. 11
|
| 850 |
|
|
|a Slovenská národná knižnica v Martine
|a MTA001
|
| 852 |
|
|
|a SNK
|b KIS3GCP
|
| 958 |
|
|
|a RK
|
| 992 |
|
|
|a RBX
|
| 999 |
|
|
|c 1570521
|d 1572451
|